000 01528nam a22002297a 4500
999 _c2817
_d2817
003 AR-CdUCM
008 190305b ||||| |||| 00| 0 spa d
040 _aMUNICIPALIDAD PROVINCIAL DEL CUSCO
_cBIBLIOTECA MUNICIPAL DEL CUSCO
082 _a869.56 /
_bC19
100 _aCalderón Fajardo, Carlos
_99807
245 _aLa conciencia del límite último /
260 _aLima :
_bMosca Azul editores,
_c1990.
300 _a96 páginas ;
_c19. 5 cm.
505 _aResumen: Un reportero de policiales debe cubrir una muerte diaria para poder alimentar la primera plana de un periódico sensacionalista. La labor pronto le obliga a imaginar los crímenes que la ciudad le niega, lo que genera que se disipe la frontera que separa ficción de realidad. El resultado es una novela negra fascinante, con un pie en la fantasía, que desde su aparición en 1990 se ha convertido en una obra de culto. Las resonancias, múltiples, van desde el homenaje a ‘Las mil y una noches’, donde la necesidad de narrar es una cuestión de vida o muerte, hasta los sorprendentes ejercicios verbales que los titulares de la prensa amarilla regalan cada día a los lectores peruanos. La conciencia del límite último no solo es la novela más celebrada de Carlos Calderón Fajardo, sino un clásico contemporáneo.
650 _aNarrativa peruana
_9226
650 _aLiteratura - Perú
_96480
650 _aNovela negra
_99808
650 _aSiglo XX
_98
650 _aLiteratura contemporánea
_9759
942 _2ddc
_cLIBROS
945 _alccs